[Event "ch-UZB Major"]
[Site "Tashkent UZB"]
[Date "2011.05.30"]
[Round "10"]
[White "Holmirzaev,B"]
[Black "Rustamov,Al"]
[Result "0-1"]
[WhiteElo "2377"]
[BlackElo "2224"]

1.d4 Nf6 2.Bg5 g6 3.Bxf6 exf6 4.e3 Bg7 5.Nd2 f5 6.h4 d6 7.Ngf3 Nd7 8.h5 Nf6
9.hxg6 fxg6 10.c3 c6 11.Qb3 Qe7 12.Nc4 Ne4 13.d5 c5 14.Qb5+ Kf8 15.Nfd2 Nxd2
16.Kxd2 Bf6 17.Qa4 Bd7 18.Qa5 Be8 19.Qa3 b5 20.Na5 Qe5 21.Rd1 Qxd5+ 22.Kc1 Qe5
23.Nb7 b4 24.cxb4 Rb8 25.Nxd6 Ba4 26.Rd2 Rxb4 27.Nc4 Qe7 28.Qd3 Kg7 29.Qd6 Qb7
30.b3 Rd8 31.Qh2 h5 32.Rxd8 Bxd8 33.Bd3 Bf6 34.Nd6 Qd5 35.Bc4 Rxc4+ 36.Nxc4 Qd3
37.Qc7+ Kh6 38.Qa5 Bc6 39.Rd1 Qe2 40.Qd2 Qxd2+ 41.Kxd2 Bxg2 42.Ke2 h4 43.f3 h3
44.Kf2 Bh4+ 45.Kg1 Bxf3 46.Rd2 Bg3 47.Nb2 g5 48.Nd3 g4 49.Nxc5 Bc7 50.Rf2 Bd5
51.e4 Bxe4 52.Nxe4 fxe4 53.Re2 g3 54.b4 Bb6+ 55.Kf1 g2+ 56.Rxg2 hxg2+ 57.Kxg2 Kg5
58.Kf1 Kf4 59.Ke2 e3 60.a4 a6  0-1

[Event "29th Liechtenstein Open"]
[Site "Triesen LIE"]
[Date "2011.06.03"]
[Round "8.15"]
[White "Diotallevi,M"]
[Black "Meertens,Mart"]
[Result "1/2-1/2"]
[WhiteElo "2047"]
[BlackElo "2172"]

1.d4 Nf6 2.Bg5 d5 3.Bxf6 exf6 4.g3 c6 5.c3 Bd6 6.Bg2 Bf5 7.Nd2 O-O 8.Ngf3 Qd7
9.O-O Re8 10.Re1 Na6 11.b4 Re7 12.Qb3 Rae8 13.e3 Bb8 14.a4 Nc7 15.a5 g5 16.Qb2 h5
17.Nb3 b6 18.axb6 axb6 19.h4 Ne6 20.Ra6 Bd3 21.Ra3 Qd6 22.Rea1 Kg7 23.Bf1 Bxf1
24.Kxf1 Kh6 25.Ra6 Rb7 26.Qc2 Ng7 27.Qd3 Qe6 28.Kg2 Nf5 29.Rh1 g4 30.Nfd2 Nd6
31.Rha1 f5 32.Nc1 Ne4 33.Nxe4  1/2-1/2

[Event "ch-Flanders 2011"]
[Site "Ghent BEL"]
[Date "2011.06.04"]
[Round "6.8"]
[White "Feys,Bert"]
[Black "Goormachtigh,J"]
[Result "0-1"]
[WhiteElo "1948"]
[BlackElo "2237"]

1.d4 Nf6 2.Bg5 g6 3.Bxf6 exf6 4.e3 d5 5.c4 dxc4 6.Bxc4 Bg7 7.h4 c5 8.Qb3 O-O
9.dxc5 Nc6 10.Bd3 Be6 11.Qxb7 Qxd3 12.Qxc6 Rfd8 13.Nc3 Qd2+ 14.Kf1 Qxb2  0-1

[Event "TCh-SLO"]
[Site "Maribor SLO"]
[Date "2011.06.04"]
[Round "5"]
[White "Brumen,D"]
[Black "Jelen,Ig"]
[Result "0-1"]
[WhiteElo "2355"]
[BlackElo "2401"]

1.d4 Nf6 2.Bg5 d5 3.e3 c5 4.Bxf6 gxf6 5.g3 cxd4 6.exd4 Nc6 7.Nc3 e6 8.Nge2 Bd7
9.Bg2 Bh6 10.O-O Rc8 11.Kh1 f5 12.Nb1 Qb6 13.b3 Ne7 14.Nd2 Bb5 15.Nf3 O-O
16.Re1 Rc7 17.a4 Ba6 18.Ne5 Rfc8 19.a5 Qd6 20.c3 Ng6 21.Nd3 Nf8 22.f4 Nd7
23.h3 Nf6 24.Rg1 Bg7 25.Nc5 Bb5 26.Bf3 b6 27.axb6 axb6 28.Na4 Ne4 29.Bxe4 dxe4
30.Qd2 Qd5 31.Qe3 Bxe2 32.Qxe2 Qc6 33.g4 Kh8 34.Rg3 Bh6 35.Rf1 Rg8 36.Kh2 f6
37.gxf5 Rxg3 38.Kxg3 exf5 39.Qh5 Rg7+ 40.Kh2 e3 41.d5 Qxd5 42.Qe2 Qe4  0-1

[Event "TCh-FRA Top 12 2011"]
[Site "Mulhouse FRA"]
[Date "2011.06.04"]
[Round "10"]
[White "San Emeterio Cabanes,J"]
[Black "Aguettaz,M"]
[Result "0-1"]
[WhiteElo "2398"]
[BlackElo "2417"]

1.d4 Nf6 2.Bg5 c5 3.Nc3 Qb6 4.d5 d6 5.e4 Nbd7 6.Bd2 g6 7.f4 Bg7 8.Nf3 O-O
9.Bc4 Qc7 10.O-O Nb6 11.Be2 e6 12.dxe6 Bxe6 13.f5 gxf5 14.exf5 Bxf5 15.Nh4 Bg6
16.Nf5 Bxf5 17.Rxf5 Rae8 18.Qf1 Ne4 19.Nxe4 Rxe4 20.Bd3 Re6 21.Rh5 Rg6 22.c3 c4
23.Bc2 Nd7 24.Qe2 Qb6+ 25.Qe3 Qxb2 26.Rc1 Ne5 27.Bxg6 hxg6 28.Rh4 Qxa2 29.Rf1 a5
30.Rd4 Qa3 31.Qh3 Qc5 32.Be3 b5 33.Rh4 Qc8 34.g4 b4 35.Bg5 Qc5+ 36.Be3 Qc8
37.Bg5 Qe6 38.cxb4 axb4 39.Qe3 Nd3 40.Qf3 Re8  0-1

[Event "Portuguese Honra"]
[Site "Vila Nova de Gaia POR"]
[Date "2011.06.06"]
[Round "2.5"]
[White "Godinho Marques,Pedro"]
[Black "Ferreira,Su"]
[Result "1/2-1/2"]
[WhiteElo "1864"]
[BlackElo "1683"]

1.d4 d5 2.Bg5 Nf6 3.Nf3 Bf5 4.e3 c6 5.Bd3 Bxd3 6.Qxd3 Nbd7 7.Nbd2 g6 8.O-O Bg7
9.e4 dxe4 10.Nxe4 O-O 11.Rae1 Re8 12.Re2 Qb6 13.Nxf6+ exf6 14.Bc1 Rxe2 15.Qxe2 Rd8
16.Re1 Nf8 17.Qc4 Ne6 18.c3 Rd5 19.b4 a5 20.a3 axb4 21.axb4 Qd8 22.Re2 Nc7
23.Bf4 Nb5 24.Qb3 Rd7 25.h3 h6 26.Ra2 Qe8 27.Be3 Qe6 28.Ra8+ Kh7 29.Qxe6 fxe6
30.c4 Nc7 31.Ra7 Ne8 32.Bf4 g5 33.Bg3 Bh8 34.Ra8 Ng7 35.Rf8 Nf5 36.Re8 Nxg3
37.fxg3 f5 38.Rxe6 Bxd4+ 39.Nxd4 Rxd4 40.Re7+ Kg6 41.Rxb7 Rxc4 42.Rb6 Kg7
43.Rb7+  1/2-1/2

[Event "Portuguese Masters"]
[Site "Vila Nova de Gaia POR"]
[Date "2011.06.10"]
[Round "7.5"]
[White "Vasques,A"]
[Black "Pintor,Ar"]
[Result "1/2-1/2"]
[WhiteElo "2175"]
[BlackElo "2119"]

1.d4 Nf6 2.Bg5 g6 3.Bxf6 exf6 4.g3 f5 5.Bg2 Bg7 6.e3 d6 7.Ne2 O-O 8.O-O c6
9.c4 Nd7 10.Nbc3 Re8 11.Qc2 Nf6 12.Rfd1 Qe7 13.Rab1 Ne4 14.Nxe4 fxe4 15.b4 Bg4
16.h3 Bd7 17.Nc3 f5 18.d5 Qe5 19.dxc6 bxc6 20.Ne2 a5 21.a3 axb4 22.axb4 Ra3
23.Qd2 Rd3 24.Qc2 Rxd1+ 25.Rxd1 Ra8 26.c5 Ra1 27.cxd6 Rxd1+ 28.Qxd1 Bf8 29.Qb3+ Be6
30.Qa4  1/2-1/2

[Event "Portuguese Masters"]
[Site "Vila Nova de Gaia POR"]
[Date "2011.06.10"]
[Round "7.3"]
[White "Oliveira,C"]
[Black "Diogo,V"]
[Result "1/2-1/2"]
[WhiteElo "2174"]
[BlackElo "2304"]

1.d4 Nf6 2.Bg5 d5 3.Bxf6 exf6 4.e3 c6 5.Bd3 f5 6.Ne2 Bd6 7.O-O O-O 8.c4 dxc4
9.Bxc4 Nd7 10.Qc2 Nf6 11.Nd2 Re8 12.g3 Ne4 13.Bd3 Qe7 14.Nc3 Nxd2 15.Qxd2 Be6
16.Rfc1 Rad8 17.Qc2 Qf6 18.Rab1 h5 19.b4 a6 20.Na4 h4 21.Nc5 Bc8 22.Re1 Re7
23.a4 Rde8 24.Qd2 g5 25.b5 cxb5 26.axb5 Bxc5 27.dxc5 Rd8 28.bxa6 bxa6 29.Qc2 Qe5
30.Red1 Rc7 31.Rbc1 hxg3 32.hxg3 Kg7 33.Qc3 f6 34.Qxe5 fxe5 35.Be2 Rxd1+
36.Bxd1 Bb7 37.Kf1 Kf6 38.Ke2 Bc6 39.Bb3 Bb5+ 40.Kd2 e4 41.Rc3 Rh7 42.Bc4 Bxc4
43.Rxc4 Ke5 44.Ra4 Rc7 45.Ra5 Rc6 46.Ke2 Kd5 47.Ra4 Rxc5 48.Rxa6  1/2-1/2

[Event "Zonal 3.4 Men"]
[Site "Tashkent UZB"]
[Date "2011.06.11"]
[Round "4.9"]
[White "Faizulaev,A"]
[Black "Djuraev,S"]
[Result "0-1"]
[WhiteElo "2341"]
[BlackElo "2374"]

1.d4 Nf6 2.Bg5 g6 3.Nc3 Bg7 4.e4 d6 5.Qd2 O-O 6.O-O-O c6 7.f4 b5 8.e5 b4
9.exf6 bxc3 10.Qxc3 exf6 11.Bh4 d5 12.Nf3 Bg4 13.h3 Bxf3 14.Qxf3 Nd7 15.f5 Qa5
16.Kb1 Rfb8 17.Bg3 Rb7 18.h4 Re8 19.b3 Nb6 20.Ka1 Bh6 21.fxg6 fxg6 22.Bf2 Bd2
23.Rh3 Qa3 24.b4 Re3 25.Qxe3 Bxe3 26.Rxe3 Qxb4 27.Rb3 Qd6 28.Bg3 Qd8 29.h5 Re7
30.Bd3 Qe8 31.Rf1 f5 32.Bh4 Re6 33.Ra3 Nc4 34.Bxc4 dxc4 35.Rxa7 g5 36.Bxg5 c3
37.Rb1 Re1 38.Ra3 Rxb1+ 39.Kxb1 Qxh5 40.Bc1 Qe2 41.Rxc3 Qxg2 42.a4 Qd5 43.Ra3 Kf7
44.a5 Qb5+ 45.Bb2 Qa6 46.Bc3 h5 47.Rb3 h4 48.Rb6 Qf1+ 49.Ka2 Qc1 50.Kb3 h3
51.Rb7+ Kg6 52.a6 h2 53.a7 h1=Q 54.a8=Q Qd5+ 55.Kb4 Qb1+  0-1

[Event "Voronezh Master Open"]
[Site "Voronezh RUS"]
[Date "2011.06.12"]
[Round "1.39"]
[White "Vlasenko,M"]
[Black "Sokolovsky,V"]
[Result "1-0"]
[WhiteElo "2357"]
[BlackElo "2047"]

1.d4 Nf6 2.Bg5 d5 3.e3 c5 4.Nc3 Nc6 5.Bb5 a6 6.Bxc6+ bxc6 7.dxc5 e5 8.b4 h6
9.Bh4 g5 10.Bg3 Qe7 11.Nf3 Bg4 12.Ne2 Bxf3 13.gxf3 Bg7 14.h4 Rd8 15.hxg5 hxg5
16.Rxh8+ Bxh8 17.c3 g4 18.fxg4 Ne4 19.Qa4 Qe6 20.O-O-O d4 21.Qxa6 Qxg4 22.exd4 Nxg3
23.Nxg3 Qf3 24.Rd3 Qxf2 25.Qxc6+ Kf8 26.Qh6+ Bg7 27.Qd2 Qg1+ 28.Qd1 Qf2 29.dxe5 Rxd3
30.Qxd3 Qe1+ 31.Kc2 Bxe5 32.Nf5 f6 33.c6 Qh1 34.b5 Qg2+ 35.Kb3 Qg8+ 36.Qc4  1-0

[Event "Voronezh Master Open"]
[Site "Voronezh RUS"]
[Date "2011.06.15"]
[Round "4.21"]
[White "Galojan,L"]
[Black "Denisov,I"]
[Result "1-0"]
[WhiteElo "2377"]
[BlackElo "2323"]

1.d4 Nf6 2.Bg5 d5 3.Bxf6 exf6 4.g3 g6 5.Bg2 Bg7 6.e3 O-O 7.Ne2 Bg4 8.c4 Qd6
9.cxd5 Bc8 10.O-O f5 11.Nbc3 a6 12.Qb3 Nd7 13.Rfc1 Nf6 14.Na4 Rd8 15.Rc5 Rd7
16.Rac1 b5 17.Nac3 Rb8 18.Nf4 Qe7 19.Nd3 Rd6 20.Nb4 Rb7 21.Nc6 Qe8 22.Na5 Ra7
23.Ne2 Qd7 24.Nc6 Rb7 25.Na5 Ra7 26.Qc2 Ne8 27.Nf4 Bb7 28.Nxb7 Rxb7 29.Nd3 Rbb6
30.Ne5 Qe7 31.Nd3 Bf8 32.Rc6 Qd8 33.Ra1 Qb8 34.Rc1 Be7 35.Ne5 Bd8 36.Qe2 Nf6
37.Qc2 Kg7 38.Rxd6 cxd6 39.Nc6 Qa8 40.Nxd8 Qxd8 41.Qc7 Qxc7 42.Rxc7 Kf8 43.Rc6 Nd7
44.Kf1 Ke7 45.Ke2 a5 46.Kd2 h5 47.Bf1 b4 48.Rc7 a4 49.Ra7 a3 50.Kc2 axb2
51.Kxb2 Ke8 52.Ra8+ Ke7 53.Bc4 Nf6 54.f3 g5 55.Kb3 g4 56.f4 Ne4 57.Bd3 Nd2+
58.Kb2 Nf1 59.Rh8 Nxh2 60.Rxh5 Nf3 61.Bxf5 Nd2 62.Bd3 Rb8 63.Rh2 Nf3 64.Rf2 Rc8
65.Bf5 Rc3 66.Bxg4 Ne1 67.Kb1 Kf6 68.Bd1 Rd3 69.Bh5 Kg7 70.Re2 Rd1+ 71.Kb2 f5
72.g4 Kf6 73.g5+ Kg7 74.Kb3 Rb1+ 75.Kc4 Kf8 76.Bg6 Rc1+ 77.Kxb4 Nf3 78.Bxf5 Rd1  1-0

[Event "61st ch-RUS HL w"]
[Site "Taganrog RUS"]
[Date "2011.06.17"]
[Round "3"]
[White "Ovod,E"]
[Black "Severiukhina,Z"]
[Result "1-0"]
[WhiteElo "2404"]
[BlackElo "2291"]

1.d4 Nf6 2.Bg5 d5 3.e3 e6 4.c4 dxc4 5.Bxc4 Be7 6.Nc3 O-O 7.Nf3 c5 8.Qe2 a6
9.dxc5 Bxc5 10.e4 b5 11.e5 bxc4 12.exf6 Qd3 13.fxg7 Qxe2+ 14.Kxe2 Kxg7 15.Ne4 Bb6
16.Bf6+ Kh6 17.Ne5 Nd7 18.Be7 Rg8 19.Nxf7+ Kh5 20.Nfd6 Rg7 21.g4+ Kg6 22.Bh4 a5
23.Nxc8 Rxc8 24.Rhd1 Bc7 25.Nd6 Rb8 26.Nxc4 Ne5 27.b3 Nxg4 28.h3 Ne5 29.Rg1+ Kh6
30.Ne3 Rxg1 31.Rxg1 Ng6 32.Ng4+ Kh5 33.Bg3 Nf4+ 34.Bxf4 Bxf4 35.Nf6+ Kh6
36.Rg4 Bg5 37.Ne4 Be7 38.Nd2 Rf8 39.Re4 Rf6 40.Re5 Bb4 41.Ne4 Rg6 42.a3 Bxa3
43.Rxa5 Bb2 44.Ra6 Kh5 45.Nc5 Rg5 46.Nd3 Bc3 47.Rc6 Bg7 48.Rxe6 Kh4 49.Re3 Rb5
50.Ne1 Bh6 51.Ng2+ Kh5 52.f4 Kg6 53.Kf3 Kf5 54.Rd3 Bg7 55.Ne3+ Ke6 56.Ke4 Rh5
57.f5+ Kf7 58.Ng4 Rh4 59.Rd7+ Kf8 60.Kd5 Rxh3 61.Ke6 Bb2 62.f6 Bxf6 63.Rf7+ Ke8
64.Nxf6+ Kd8 65.b4 h5 66.Nd5 Kc8 67.Kd6 Rh1 68.Kc6 Rc1+ 69.Kb6 h4 70.Rh7 Rh1
71.Nf4  1-0

[Event "Zonal 2.4"]
[Site "Rio de Janeiro BRA"]
[Date "2011.06.19"]
[Round "2"]
[White "Borda,A"]
[Black "Gonzalez,Bo"]
[Result "0-1"]
[WhiteElo "2151"]
[BlackElo "2317"]

1.d4 Nf6 2.Bg5 c5 3.Bxf6 gxf6 4.d5 Qb6 5.Qc1 f5 6.c3 Na6 7.g3 h5 8.h4 Bh6
9.e3 Nc7 10.Bg2 Qd6 11.c4 b5 12.Nd2 Bb7 13.b3 e6 14.Qc2 Rg8 15.Ne2 Qe5 16.Rc1 exd5
17.Nf3 Qf6 18.cxb5 Ne6 19.Rd1 Rc8 20.O-O d4 21.Qb2 f4 22.exf4 Bxf4 23.Ne1 Bxg2
24.Nxg2 Bc7 25.Rfe1 Ba5 26.Rf1 Qf5 27.Nc1 c4 28.bxc4 Rxc4 29.Nd3 Rc3 30.Nc1 Bb6
31.Qe2 Rcxg3 32.fxg3 d3+ 33.Qf2 Bxf2+ 34.Rxf2 Qh3 35.Rxd3 Rxg3  0-1

[Event "25th Open Pula"]
[Site "Pula CRO"]
[Date "2011.06.21"]
[Round "5.14"]
[White "Porper,E"]
[Black "Tomazini,Z"]
[Result "0-1"]
[WhiteElo "2446"]
[BlackElo "2250"]

1.d4 Nf6 2.Bg5 c5 3.Bxf6 gxf6 4.d5 d6 5.e3 Bg7 6.Nd2 O-O 7.a4 f5 8.c3 Nd7
9.Ne2 Nf6 10.Nc4 b6 11.Nf4 Qc7 12.Be2 Rd8 13.O-O e5 14.Nh5 Nxh5 15.Bxh5 Qe7
16.Be2 Kh8 17.Rb1 Rg8 18.Qd2 f4 19.exf4 Bh6 20.g3 Bxf4 21.Qc2 Bh3 22.Rfe1 Rg6
23.Bf1 Qd7 24.Bxh3 Qxh3 25.Qe4 Rag8 26.Qg2 Qg4 27.b3 h5 28.Rbd1 h4 29.Rd3 f5
30.Ne3 Bxe3 31.Rexe3 f4 32.Re4 Qf5 33.Qf3 Qg5 34.Kg2 Rf6 35.Qe2 Rg7 36.h3 hxg3
37.fxg3 Qh4 38.g4 Rfg6 39.Qf3 Rh7 40.Kf1 Rgh6 41.Kg2 Qg5 42.Re1 Rxh3 43.Qxh3 Rxh3
44.Rxh3+ Kg7 45.Kf3 c4 46.bxc4 Qg6 47.Re4 Qe8 48.c5 bxc5 49.g5 Qf7 50.c4 Qb7
51.Rh6 Qb3+ 52.Kg4 f3 53.Rh3 Qd3 54.Kf5 f2  0-1

[Event "49th National Challengers ch-IND"]
[Site "Aurangabad IND"]
[Date "2011.06.24"]
[Round "11"]
[White "Girish,A"]
[Black "Akshat,Chandra"]
[Result "1-0"]
[WhiteElo "2288"]
[BlackElo "1940"]

1.d4 Nf6 2.Bg5 d5 3.Bxf6 exf6 4.e3 Bd6 5.g3 O-O 6.Bg2 c6 7.Nd2 Nd7 8.Ne2 f5
9.O-O Nf6 10.c4 dxc4 11.Nxc4 Bc7 12.Qc2 Be6 13.Ne5 Nd7 14.Nd3 Rc8 15.b4 Bd6
16.Rfc1 Nb6 17.Nc5 Bxc5 18.bxc5 Nd5 19.Qa4 a6 20.Rab1 Qe7 21.Rb2 g6 22.Rcb1 Rc7
23.Qc2 Kg7 24.Nc1 Nf6 25.Nd3 Rd8 26.Ne5 h5 27.f3 Nd7 28.Nd3 Nf6 29.Qf2 Bc8
30.Re1 Be6 31.a3 Bc8 32.Ne5 Nd7 33.Nc4 Nf6 34.h3 Be6 35.Ne5 Nd7 36.Nd3 Nf6
37.Rd2 Qd7 38.Ne5 Qe7 39.e4 fxe4 40.fxe4 Nd7 41.Nd3 Qf6 42.Nf4 Nf8 43.Rf1 Kg8
44.d5 cxd5 45.exd5 g5 46.Nxh5 Qxf2+ 47.Rdxf2 Bc8 48.Nf6+ Kg7 49.c6 bxc6 50.dxc6 Be6
51.Rb1 Nh7 52.Nxh7 Kxh7 53.Rb7 Rdc8 54.Rxc7 Rxc7 55.Rb2 Kg7 56.Rb7 Rc8 57.Ra7 Bc4
58.a4 Kf6 59.Kf2 Ke5 60.Ke3 f6 61.Rd7 Be6 62.Rb7 Bc4 63.h4 gxh4 64.gxh4 Rh8
65.Re7+ Kd6 66.Re4 Be6 67.Rd4+ Ke5 68.Bf3 f5 69.h5 Rb8 70.Rh4 f4+ 71.Kd2 Rb2+
72.Kc1 Rb8 73.h6 Bf5 74.Rh5 Kf6 75.h7 Rh8 76.Rxf5+ Kxf5 77.c7 Rc8 78.Kd2 Ke5
79.Bg4  1-0

[Event "4th Sveins Memorial"]
[Site "Oslo NOR"]
[Date "2011.06.24"]
[Round "8"]
[White "Kovachev,D"]
[Black "Hebden,M"]
[Result "1/2-1/2"]
[WhiteElo "2315"]
[BlackElo "2539"]

1.d4 Nf6 2.Bg5 d5 3.e3 c5 4.Bxf6 gxf6 5.c4 cxd4 6.Qxd4 dxc4 7.Qxd8+ Kxd8
8.Bxc4 e6 9.Nc3 a6 10.Nge2 Nd7 11.O-O-O Kc7 12.Nd4 Ne5 13.Be2 Bd7 14.f4 Nc6
15.Bh5 Be8 16.Kb1 Bc5 17.f5 Bxd4 18.exd4 Ne7 19.fxe6 fxe6 20.Bxe8 Raxe8 21.d5 Nxd5  1/2-1/2

[Event "25th Open Pula"]
[Site "Pula CRO"]
[Date "2011.06.25"]
[Round "9.30"]
[White "Havas,Ja"]
[Black "Mihalincic,T"]
[Result "1-0"]
[WhiteElo "2135"]
[BlackElo "2267"]

1.d4 Nf6 2.Bg5 d5 3.e3 e6 4.Bd3 Be7 5.f4 c5 6.c3 Nc6 7.Nf3 Qb6 8.Qc1 Bd7
9.O-O Rc8 10.Qd2 Ne4 11.Bxe4 dxe4 12.Bxe7 Kxe7 13.Ne5 Be8 14.Na3 Rd8 15.Qf2 cxd4
16.exd4 f6 17.Nec4 Qa6 18.Ne3 g6 19.Rad1 Bf7 20.Qh4 h6 21.Qf2 Kf8 22.Qg3 f5
23.Rd2 b5 24.Rfd1 b4 25.cxb4 Nxb4 26.Nac4 Qxa2 27.Ne5 Nd3 28.Nxg6+ Bxg6 29.Qxg6 Rd7
30.Rc2 Qa6 31.Nxf5 Nb4 32.Qf6+ Kg8 33.Rc3 Nd3 34.Ne7+  1-0

[Event "TCh-SUI 2011"]
[Site "Switzerland SUI"]
[Date "2011.06.26"]
[Round "5.6"]
[White "Weindl,A"]
[Black "Georgiadis,N"]
[Result "1/2-1/2"]
[WhiteElo "2377"]
[BlackElo "2260"]

1.d4 Nf6 2.Bg5 g6 3.Bxf6 exf6 4.e3 Bg7 5.g3 O-O 6.Bg2 f5 7.Ne2 d6 8.O-O Nd7
9.c4 Nf6 10.Nbc3 Bd7 11.Rb1 Bc6 12.Bxc6 bxc6 13.Qa4 Qd7 14.b4 a6 15.Rfc1 Rfd8
16.d5 cxd5 17.Qxd7 Rxd7 18.Nxd5 Ne4 19.Rd1 h5 20.h4 Rb8 21.f3 Nf6 22.Nd4 Nxd5
23.cxd5 Bxd4 24.Rxd4 Rb7 25.a4 Rd8 26.Kf2 Kg7 27.Ke2 Kf6 28.Rb3 Re8 29.Kd2 Ke7
30.Rc4 Kd7 31.Rd3 Re5 32.Kc3 Re8 33.Kd4 Reb8 34.Rb3 Rb6 35.Rb2 R6b7 36.Rb1 Rb6
37.Kd3 R6b7 38.Rb2 Re8 39.Rc6 Ra7 40.Rbc2 Re5 41.Kd4 Re8 42.R2c3 Re5 43.Rd3 Re8
44.Kc3 Re5 45.Rc4 Ra8 46.Kd2 Rb8 47.Rdd4 Rbe8 48.Rc3 Rb8 49.Kd3 Rbe8 50.Ke2 Rb8
51.Rdc4 Rb7 52.Rd3 Rb8 53.f4 Re4 54.Rxe4 fxe4 55.Rd4 f5 56.Rc4 Rb6 57.Kd2 Kc8
58.Kc3 Kb7 59.Rd4 Kb8 60.Rd2 Kc8 61.Kb3 Kb8 62.Rc2 Kc8 63.Rc6 Kb7 64.Rxb6+  1/2-1/2

[Event "19th Albena Open"]
[Site "Albena BUL"]
[Date "2011.06.28"]
[Round "4.23"]
[White "Vachev,V"]
[Black "Stanojoski,Z"]
[Result "0-1"]
[WhiteElo "2149"]
[BlackElo "2493"]

1.d4 Nf6 2.Bg5 c5 3.d5 Qb6 4.Nc3 Qxb2 5.Bd2 Qb6 6.e4 d6 7.f4 g6 8.e5 Nfd7
9.Nf3 a6 10.Rb1 Qc7 11.e6 fxe6 12.Ng5 Nf6 13.dxe6 Bg7 14.f5 d5 15.Nf7 gxf5
16.Nxd5 Nxd5 17.Qh5 Bxe6 18.Nxh8+ Kf8 19.Bd3 Nf6 20.Qe2 Bxa2 21.Ra1 Bg8 22.O-O Nc6
23.c3 Bxh8 24.Rxf5 Rd8 25.Be3 Rd5 26.Raf1 Qd7 27.Be4 Rxf5 28.Rxf5 Bf7 29.Bc2 c4
30.Rf1 Qg4 31.Qd2 Bg6 32.Bd1 Qe6 33.Bf3 Bd3 34.Re1 Qf5 35.Bxc6 bxc6 36.h3 Nd5
37.Bd4 Bxd4+ 38.cxd4 Qf4 39.Qxf4+ Nxf4 40.Kf2 Nd5 41.Ra1 c3 42.Ke1 Kf7  0-1

[Event "7th A Ermaka Memorial"]
[Site "Zaporizhzhia UKR"]
[Date "2011.06.30"]
[Round "8.30"]
[White "Burak,Ilona"]
[Black "Onokienko,Olexandra"]
[Result "1/2-1/2"]
[WhiteElo "1787"]
[BlackElo "1830"]

1.d4 Nf6 2.Bg5 g6 3.Bxf6 exf6 4.e3 Bg7 5.c4 d6 6.Bd3 Nd7 7.Nc3 O-O 8.Nge2 f5
9.O-O Nf6 10.Nf4 c6 11.Be2 Ne4 12.Qc2 Re8 13.Bf3 Nxc3 14.Qxc3 Be6 15.Rfd1 Rc8
16.Rac1 Qb6 17.Qd2 c5 18.d5 Bd7 19.b3 a5 20.Qc2 a4 21.Be2 Ra8 22.Rb1 axb3
23.Qxb3 Qxb3 24.axb3 Reb8 25.b4 b6 26.Bd3 Bc3 27.bxc5 bxc5 28.Rxb8+ Rxb8
29.Rb1 Rxb1+ 30.Bxb1  1/2-1/2

[Event "TCh-TUR 2011"]
[Site "Konya TUR"]
[Date "2011.07.02"]
[Round "5"]
[White "Shimanov,A"]
[Black "Okus,M"]
[Result "1/2-1/2"]
[WhiteElo "2583"]
[BlackElo "1893"]

1.d4 Nf6 2.Bg5 d5 3.Nd2 Bf5 4.Bxf6 exf6 5.e3 Bd6 6.Ngf3 c6 7.Be2 Nd7 8.O-O O-O
9.c4 Rc8 10.Qb3 Qb6 11.Qxb6 axb6 12.cxd5 cxd5 13.Rac1 Nb8 14.Nb1 Rxc1 15.Rxc1 Rc8
16.Rxc8+ Bxc8 17.Nc3 Be6 18.Nd2 Nc6 19.Bf3 Ne7 20.Nb5 Bb8 21.Nb1 Bd7 22.N5c3 Be6
23.Na3 Bd6 24.Nab5 Bb8 25.Na4 Bd7 26.Be2 Nc8 27.Nbc3 Ba7 28.b3 Bc6 29.b4 Bd7
30.Bd1 Ne7 31.Bb3 f5 32.Nb2 Be6 33.Nb5 Bb8 34.Na4 Bd7 35.Nbc3 Bc7 36.Nb2 Be6
37.g3 Kf8 38.Nb5 Bb8 39.Bd1 Nc8 40.Bf3 Ke7 41.Na4 Kd7 42.Nbc3 Kc6 43.Be2 Nd6
44.f3 b5 45.Nc5 b6 46.Na6 Ba7 47.a4 bxa4 48.b5+ Kb7 49.Nxa4 Bd7 50.Nc3 Nxb5
51.Nxb5  1/2-1/2

[Event "TCh-TUR 2011"]
[Site "Konya TUR"]
[Date "2011.07.02"]
[Round "5"]
[White "Miroshnichenko,E"]
[Black "Parligras,M"]
[Result "1/2-1/2"]
[WhiteElo "2651"]
[BlackElo "2626"]

1.d4 Nf6 2.Bg5 c5 3.Nc3 d5 4.Bxf6 gxf6 5.e4 cxd4 6.Qxd4 dxe4 7.Bb5+ Nc6 8.Qxe4 Qd6
9.Nge2 f5 10.Qf3 Bg7 11.Rd1 Qc5 12.Rd5 Qb4 13.a3 Qxb2 14.O-O O-O 15.Rb1 Qxa3
16.Rb3 Qa1+ 17.Rb1 Qa3 18.Rb3 Qa1+ 19.Rb1  1/2-1/2

[Event "TCh-TUR 2011"]
[Site "Konya TUR"]
[Date "2011.07.02"]
[Round "6"]
[White "Nikolova,A"]
[Black "Brunello,M"]
[Result "1-0"]
[WhiteElo "2333"]
[BlackElo "2177"]

1.d4 Nf6 2.Bg5 d5 3.Bxf6 exf6 4.e3 Be6 5.Nd2 Be7 6.g3 O-O 7.Bg2 c6 8.Ne2 Nd7
9.O-O Nb6 10.b3 Re8 11.Qc1 Rc8 12.Qb2 Bd6 13.a4 a5 14.Rfc1 c5 15.dxc5 Bxc5
16.Nf3 Qe7 17.Nfd4 Nd7 18.Nf4 Nb6 19.Nb5 Qd7 20.Rd1 Bg4 21.Rd2 Rxe3 22.Nxd5 Nxd5
23.Rxd5 Qe7 24.fxe3 Qxe3+ 25.Kh1 Bf3 26.c4 Bxd5 27.cxd5 Re8 28.Rf1 b6 29.Qc3 Qe2
30.d6 Re3 31.d7 Rd3 32.Re1  1-0

[Event "e2e4 ch-IRL"]
[Site "Dublin IRL"]
[Date "2011.07.04"]
[Round "3"]
[White "Reynolds,P"]
[Black "Freeman,G"]
[Result "0-1"]
[WhiteElo "2043"]
[BlackElo "2179"]

1.d4 Nf6 2.Bg5 d5 3.f3 c5 4.e3 Nc6 5.Bb5 cxd4 6.exd4 Qb6 7.Nc3 e6 8.Nge2 Bd7
9.O-O Rc8 10.a3 Be7 11.Qd2 O-O 12.Be3 Na5 13.Bd3 Nc4 14.Bxc4 Rxc4 15.b3 Rcc8
16.g4 Bb5 17.Nxb5 Qxb5 18.Ng3 Rc6 19.g5 Nd7 20.Rf2 Rfc8 21.a4 Qb4 22.Qd1 Qd6
23.f4 Rc3 24.Bd2 Rxc2 25.f5 Qb6 26.Qg4 Ne5 27.dxe5 Rxd2 28.Rf1 Rcc2 29.Nh1 Bc5
30.g6 Bxf2+ 31.Nxf2 Rxf2 32.gxf7+ Kxf7 33.Qh5+ Kf8 34.Qh3 Rxf1+  0-1

[Event "TCh-TUR 2011"]
[Site "Konya TUR"]
[Date "2011.07.04"]
[Round "7"]
[White "Soysal,Serkan"]
[Black "Ererdem,G"]
[Result "0-1"]
[WhiteElo "1795"]
[BlackElo "1996"]

1.d4 Nf6 2.Bg5 c5 3.d5 Qb6 4.Nc3 Qxb2 5.Bd2 Qb6 6.e4 d6 7.f4 g6 8.e5 dxe5
9.fxe5 Nfd7 10.Nf3 Bg7 11.Rb1 Qd8 12.e6 Nf6 13.exf7+ Kf8 14.Bc4 Nbd7 15.Qe2 Nb6
16.Bg5 h6 17.Bxf6 Bxf6 18.Ne4 Kxf7 19.O-O Kg7 20.Rbe1 Rf8 21.Nxf6 exf6 22.Nh4 f5
23.g3 Qf6 24.Qd3 Bd7 25.Ng2 g5 26.Re2 Nc8 27.Rfe1  0-1

[Event "XIII Open"]
[Site "Torredembarra ESP"]
[Date "2011.07.06"]
[Round "5"]
[White "Moskalenko,V1"]
[Black "Abreu Delgado,A"]
[Result "1/2-1/2"]
[WhiteElo "2591"]
[BlackElo "2479"]

1.d4 Nf6 2.Bg5 d5 3.Bxf6 exf6 4.e3 f5 5.c4 dxc4 6.Bxc4 Bd6 7.Nf3 O-O 8.Nc3 Nd7
9.O-O c6 10.Qc2 Nf6 11.Rfd1 Qe7 12.d5 c5 13.Nb5 Bd7 14.Nxd6 Qxd6 15.a4 g6
16.g3 b6 17.Ra3 a6 18.Qe2 Bc8 19.Nd2 Bb7 20.Nb1 b5 21.axb5 axb5 22.Rxa8 Rxa8
23.Bxb5 Nxd5 24.Bc4 Ra1 25.Bxd5 Bxd5 26.Nc3 Bc4  1/2-1/2

[Event "XXXIV Open"]
[Site "Barbera del Valles ESP"]
[Date "2011.07.07"]
[Round "4"]
[White "Dominguez Pons,E"]
[Black "Leon Hoyos,M"]
[Result "0-1"]
[WhiteElo "2344"]
[BlackElo "2548"]

1.d4 Nf6 2.Bg5 c5 3.dxc5 Na6 4.Bxf6 gxf6 5.Nc3 Nxc5 6.Qd2 Bg7 7.e4 d6 8.Bb5+ Bd7
9.Bxd7+ Qxd7 10.Nge2 f5 11.exf5 Qxf5 12.O-O Rd8 13.Ng3 Qg4 14.Rae1 e6 15.Nce4 O-O
16.c3 b6 17.f4 Kh8 18.Qc2 Nxe4 19.Nxe4 Qg6 20.Qe2 d5 21.Ng3 d4 22.cxd4 Bxd4+
23.Kh1 Rg8 24.f5 Qh6 25.Rf3 Rg4 26.Nf1 e5 27.Rg3 Rf4 28.Rh3 Qg5 29.Ng3 Rf2
30.Qc4 Rf8 31.Qb4 Rg8 32.Qd6 Rxf5 33.Rh5 Qxg3  0-1

[Event "5th Varna Open"]
[Site "Golden Sands BUL"]
[Date "2011.07.07"]
[Round "6"]
[White "Amrayeva,Aytan Arzuman qizi"]
[Black "Ahmadova,Fatima Mahammad Qizi"]
[Result "1-0"]
[WhiteElo "1907"]
[BlackElo "1578"]

1.d4 d5 2.Bg5 Nf6 3.Bxf6 exf6 4.e3 Bf5 5.c3 Bd6 6.Qb3 Be6 7.Qxb7 Nd7 8.Qb3 O-O
9.Bd3 c5 10.Qc2 h6 11.Ne2 Rb8 12.b3 Qc7 13.h3 Nb6 14.Nd2 c4 15.Bf5 cxb3 16.axb3 Qd7
17.Bxe6 fxe6 18.O-O e5 19.Qa2 Qe6 20.Qxa7 exd4 21.Nxd4 Qc8 22.Rfc1 Bc5 23.Qa6 Qd7
24.Qd3 Rfc8 25.Qg6 Ra8 26.Rxa8 Nxa8 27.Qf5 Qxf5 28.Nxf5 Bb4 29.Nb1 Nb6 30.Rd1 Bf8
31.Ng3 Ra8 32.e4 Ra1 33.Kf1 dxe4 34.Nxe4  1-0

[Event "St Pauli Open"]
[Site "Hamburg GER"]
[Date "2011.07.09"]
[Round "1.35"]
[White "Kopisch,M"]
[Black "Freter,A"]
[Result "1-0"]
[WhiteElo "2148"]
[BlackElo "1936"]

1.d4 Nf6 2.Bg5 c5 3.Bxf6 gxf6 4.d5 d6 5.Nd2 f5 6.g3 Bg7 7.c3 Nd7 8.Bg2 O-O
9.Nh3 Ne5 10.Qc2 b5 11.O-O a5 12.Nf4 Rb8 13.Rad1 Qb6 14.e4 b4 15.c4 Bh6 16.exf5 Bxf4
17.gxf4 Ng4 18.Bh3 Nh6 19.Qe4 Rb7 20.Kh1 f6 21.Rg1+ Kh8 22.Rg3 Qd8 23.Rdg1 Qe8
24.Nf1 Qh5 25.Ne3 Rc7 26.b3 Ra7 27.Qg2 e5 28.fxe6 Re7 29.Nf5  1-0

[Event "TCh-TUR 2nd League 2011"]
[Site "Konya TUR"]
[Date "2011.07.09"]
[Round "8"]
[White "Demiralp,M"]
[Black "Uysal,Burak"]
[Result "0-1"]
[WhiteElo "2097"]
[BlackElo "1805"]

1.d4 Nf6 2.Bg5 d5 3.e3 c6 4.Bd3 g6 5.Bxf6 exf6 6.Nd2 f5 7.Ne2 Nd7 8.c4 dxc4
9.Bxc4 Bg7 10.O-O O-O 11.Nf4 b5 12.Be2 a6 13.Bf3 Bb7 14.a4 Qb8 15.Nb3 Rd8
16.Qc2 c5 17.Bxb7 Qxb7 18.Nxc5 Nxc5 19.dxc5 Rac8 20.Rac1 b4 21.h4 b3 22.Qc4 Bxb2
23.Rb1 Bg7 24.Rxb3 Rxc5 25.Qxc5 Qxb3 26.Qc6 a5 27.h5 g5 28.Ne2 h6 29.Nd4 Qd5
30.Qxd5 Rxd5 31.Nc6 Rc5 32.Nb8 Rc4 33.Rd1 Rxa4 34.Rd8+ Kh7 35.Rd5 f4 36.exf4 gxf4
37.Nc6 Ra1+ 38.Kh2 a4 39.Ra5 a3 40.f3 Bc3 41.Ra4 a2 42.Na5 f5 43.Nc4 Be1
44.Ra7+ Kg8 45.g4 fxg3+ 46.Kh3 Bf2 47.Ra8+ Kg7 48.Nd6 Rh1+ 49.Kg2 a1=Q 50.Nxf5+ Kh7  0-1

[Event "Naantalin Open"]
[Site "Naantali FIN"]
[Date "2011.07.09"]
[Round "8"]
[White "Pohjala,H"]
[Black "Tuominen,R"]
[Result "1/2-1/2"]
[WhiteElo "2241"]
[BlackElo "2293"]

1.d4 Nf6 2.Bg5 c5 3.Bxf6 gxf6 4.d5 Qb6 5.Qc1 f5 6.g3 Bg7 7.c3 d6 8.Nd2 Nd7
9.Bg2 Nf6 10.Qc2 Bd7 11.Nh3 h5 12.O-O-O Qa6 13.Kb1 b5 14.Nf4 b4 15.cxb4 cxb4
16.Qd3 Bb5 17.Qxf5 Ng4 18.Nxh5 Rxh5 19.Qxh5 Bd3+ 20.exd3 Qxd3+ 21.Ka1 Bxb2+
22.Kxb2 Qc3+ 23.Kb1 Qd3+  1/2-1/2